000 00581nam a2200229Ia 4500
003 OSt
005 20220918193219.0
006 a|||||r|||| 00| 0
007 ta
008 220917b |||||||| |||| 00| 0 eng d
024 _a72,279
037 _cTextual
040 _aARTS
_cARTS
_beng
041 _2eng
_aeng
082 _aR43, L1;1
100 _aDownie R S
_976770
245 0 _aRoles and values
_b an introduction to social ethics
260 _c1971
650 _aSOCIAL ETHICS
_9763
942 _hR43, L1;1
_cTEXL
_2CC
999 _c198283
_d198283